Principais minérios produzidos no Brasil - Statistics

Estatísticas Gerais
  • Esse quiz foi jogado 47 vezes
  • A pontuação média é 8 de 14
Estatísticas das Respostas
Estados Minerais principais Minério de % Correto
Minas Gerais, Pará Hematita, Magnetita Ferro
95%
Minas Gerais (Ocorre na forma nativa) Ouro
81%
Pará Pirolusita, Psilomelana, Manganita Manganês
78%
Pará Calcopirita, Calcocita, Bornita Cobre
76%
Pará Bauxita (Gibbsita, Boehmita, Diásporo) Alumínio
70%
Bahia Cromita Cromo
70%
Minas Gerais Esfalerita, Calamina, Zincita e outros Zinco
65%
Bahia Vanadinita Vanádio
51%
Minas Gerais Pirocloro, Columbita-Tantalita Nióbio
49%
Minas Gerais Espodumênio Lítio
35%
Minas Gerais Galena, Cerussita, Anglesita Chumbo
32%
Amazonas Columbita-Tantalita Tântalo
32%
Amazonas Cassiterita Estanho
27%
Goiás Garnierita Níquel
27%
Nenhum quiz correspondente encontrado
Distribuição das Pontuações
Porcentagem de Pessoas com Cada Pontuação
Percentil de Números Respondidos
Sua Pontuação Histórica
Você não jogou esse quiz